La creación de un mercado común (Registro nro. 6648)

Detalles MARC
000 -LEADER
fixed length control field 02245 a2200193 4500
001 - CONTROL NUMBER
control field 59313
005 - DATE AND TIME OF LATEST TRANSACTION
control field 20260407155847.0
008 - FIXED-LENGTH DATA ELEMENTS--GENERAL INFORMATION
fixed length control field 260407a1973 arg spa d
003 - CONTROL NUMBER IDENTIFIER
control field AR-UNSa-BCEJYS
040 ## - CATALOGING SOURCE
Original cataloging agency AR-UNSa-BCEJYS
Language of cataloging spa
Transcribing agency AR-UNSa-BCEJYS
080 ## - UNIVERSAL DECIMAL CLASSIFICATION NUMBER
Universal Decimal Classification number 338.2(8)
Common auxiliary subdivision Política económica. Control de la economía. gestión de la economía. planificación económica en América Latina
100 1# - MAIN ENTRY--PERSONAL NAME
Personal name Fuentes Mohr, Alberto
245 10 - TITLE STATEMENT
Title La creación de un mercado común
Name of part/section of a work apuntes históricos sobre la experiencia de Centroamérica
264 #1 - PRODUCTION, PUBLICATION, DISTRIBUTION, MANUFACTURE, AND COPYRIGHT NOTICE
Place of production, publication, distribution, manufacture Buenos Aires :
Name of producer, publisher, distributor, manufacturer BID/INTAL (Banco Interamericano de Desarrollo. Instituto para la integración de América Latina)
Date of production, publication, distribution, manufacture, or copyright notice 1973
300 ## - PHYSICAL DESCRIPTION
Extent 270 p.
Dimensions 23 cm.
505 ## - FORMATTED CONTENTS NOTE
Formatted contents note Parte I: Los antecedentes: 1. Independencia y fragmentación (1823-1839) – 2. Esfuerzos unionistas de 1839 a 1923 – 3. Aislacionismo en la primera mitad del siglo XX – Parte II: Los primeros pasos hacia la integración: 4. Antecedentes y vigencia de los tratados bilaterales de libre comercio (1951 a 1959) – 5. Surgimiento y orientación del Programa Multilateral (1951 – 1952) – 6. El afianzamiento institucional (1952-1958) – 7. Las actividades del Comité de Cooperación Económica de 1953 a 1956 – 8. Las actividades del Comité de Cooperación Económica entre 1956 y 1958 – 9. El Tratado Multilateral de Libre Comercio e Integración Económica Centroamericana – 10. El convenio sobre el Régimen de Industrias Centroamericanas de Integración – 11. Hacia la unión aduanera mediante la unificación arancelaria – 12. El Convenio Centroamericano sobre Equiparación de Gravámenes a la Importación – Parte III: La creación del Mercado Común: 13. El inicio de la integración económica acelerada: el Plan Tripartito – 14. El Tratado de Asociación Económica – 15. Del Tratado Tripartito a la resolución 101 – 16. El Tratado General de Integración Económica Centroamericana – 17. El Primer Protocolo al Convenio de Equiparación Arancelaria – 18. El surgimiento del Banco Centroamericano de Integración Económica – 19. Vigencia de los tratados de Managua e incorporación de Costa Rica al Mercado Común (1961-1963)
590 ## - LOCAL NOTE (RLIN)
Local note niveau_biblio:m niveau_hierar:0
942 ## - ADDED ENTRY ELEMENTS (KOHA)
Koha item type
Existencias
Withdrawn status Lost status Damaged status Not for loan Home library Current library Shelving location Date acquired Total checkouts Full call number Barcode Date last seen Price effective from Koha item type
        Biblioteca Prof. Eusebio Cleto del Rey Biblioteca Prof. Eusebio Cleto del Rey   07/04/2026   338.2(8) F954 L13822 07/04/2026 07/04/2026 Libro
        Biblioteca Prof. Eusebio Cleto del Rey Biblioteca Prof. Eusebio Cleto del Rey   07/04/2026   338.2(8) F954 L65020 07/04/2026 07/04/2026 Libro